00572 a2200217 4500260001000000630009900010037001200109650002800121100002500149260002100174245002900195300000900224650002800233260000900261300001000270100000700280037001100287440002400298440001400322020001800336 aParis a65 - Gestion et organisation de lindustrie, du commerce, de la communication et des transports b1, CIUF a6 - SCIENCES APPLIQUEES aGélain, Jean-Marie bLa Revue Banque  aComptabilité Bancaire  a250p aComptabilité : banque c1992 b24 cm lFr a03/250 aCollection C.E.S.B. x0151-0177 a2.86325-191-X